000
00335 a2200169 4500
001
189796
020
_a
85-86331-10-4
040
_c
Magnum
100
_a
Hirsch, Sonia
240
1
0
_a
Dido
_l
por
245
1
0
_a
Dido
300
_a
84
362
0
_a
1999
440
1
_a
Correcotia
697
_a
LITERATURA INFANTO-JUVENIL
942
_c
BK
999
_c
189796
_d
189796